El búho de minerva: Introducción a la filosofía moderna.
Uloženo v:
| Hlavní autor: | |
|---|---|
| Médium: | Kniha |
| Jazyk: | španělština |
| Vydáno: |
Santiago, Chile:
J. C. Sáez,
1997.
|
| Vydání: | Tercera edición. |
| Témata: | |
| Tagy: |
Přidat tag
Žádné tagy, Buďte první, kdo vytvoří štítek k tomuto záznamu!
|
MARC
| LEADER | 00000cam a2200000 a 4500 | ||
|---|---|---|---|
| 001 | UCI2195 | ||
| 003 | CL-VaPUC | ||
| 005 | 20250321101906.0 | ||
| 008 | 070810t19970000CL |||||||||||||||||spa|d | ||
| 999 | |c 326833 |d 326831 | ||
| 020 | |a 978-956-7802-56-2 | ||
| 040 | |c Pontificia Universidad Católica de Valparaíso | ||
| 082 | 0 | 4 | |a 190 ECH 1997 |2 21 |
| 100 | 0 | |a Echeverría, Rafael |e author |9 354 | |
| 245 | 1 | 3 | |a El búho de minerva: |b Introducción a la filosofía moderna. |
| 250 | |a Tercera edición. | ||
| 260 | |a Santiago, Chile: |b J. C. Sáez, |c 1997. | ||
| 300 | |a 315 páginas. | ||
| 500 | |a c.14-c.16. Instituto Arcos.08-01-2025. | ||
| 583 | |a last modification |c 20131217 09:07:22 |k Rodrigo Vera | ||
| 650 | 0 | |a Filosofía moderna |9 258121 |x Principios y fundamentos | |
| 650 | 0 | |a Pensamiento filosófico |9 392662 | |
| 650 | 0 | |a Filosofía del lenguaje |9 257082 | |
| 650 | 0 | |a Filosofía analítica |9 316758 | |
| 942 | |c BK |2 ddc |n 0 | ||
| 945 | |d 20070810 00:00:00 |a rbrito | ||
| 952 | |0 0 |1 0 |4 0 |6 190_000000000000000_ECH_1997 |7 0 |8 A |9 408984 |a BIBTEO |b BIBTEO |d 2019-11-22 |i 4362608 |o 190 ECH 1997 |p 4362608 |r 2025-01-17 |w 2019-11-22 |y BK |k ICR | ||
| 952 | |0 0 |1 0 |4 0 |6 190_000000000000000_ECH_1997 |7 0 |8 A |9 408985 |a BIBEDU |b BIBEDU |d 2019-11-22 |i 4414209 |o 190 ECH 1997 |p 4414209 |r 2023-01-12 |w 2019-11-22 |y BK |k MUS | ||
| 952 | |0 0 |1 0 |4 0 |6 190_000000000000000_ECH_1997 |7 0 |8 R |9 408986 |a BIBEDU |b BIBEDU |c MCIRC |d 2019-11-22 |i 4459210 |o 190 ECH 1997 |p 4459210 |r 2023-01-13 |w 2019-11-22 |y BK_R |k EBA | ||
| 952 | |0 0 |1 0 |4 0 |6 190_000000000000000_ECH_1997 |7 0 |8 R |9 408987 |a BIBEDU |b BIBEDU |c MCIRC |d 2019-11-22 |i 4459229 |o 190 ECH 1997 |p 4459229 |r 2023-01-13 |w 2019-11-22 |y BK_R |k EBA | ||
| 952 | |0 0 |1 0 |4 0 |6 190_000000000000000_ECH_1997 |7 0 |8 R |9 408988 |a BIBEDU |b BIBEDU |c MCIRC |d 2019-11-22 |i 4468708 |o 190 ECH 1997 |p 4468708 |r 2023-01-13 |w 2019-11-22 |y BK_R |k EBA | ||
| 952 | |0 0 |1 0 |4 0 |6 190_000000000000000_ECH_1997 |7 0 |8 R |9 408989 |a BIBEDU |b BIBEDU |c MCIRC |d 2019-11-22 |i 4468694 |o 190 ECH 1997 |p 4468694 |r 2023-01-13 |w 2019-11-22 |y BK_R |k EBA | ||
| 952 | |0 0 |1 0 |4 0 |6 190_000000000000000_ECH_1997 |7 0 |8 R |9 408990 |a BIBGIM |b BIBGIM |d 2019-11-22 |i 466776K |o 190 ECH 1997 |p 466776K |r 2025-01-15 |w 2019-11-22 |y BK_R |k SSL | ||
| 952 | |0 0 |1 0 |4 0 |6 190_000000000000000_ECH_1997 |7 0 |8 R |9 408991 |a BIBGIM |b BIBGIM |d 2019-11-22 |i 4667778 |o 190 ECH 1997 |p 4667778 |r 2025-01-15 |w 2019-11-22 |y BK_R |k SSL | ||
| 952 | |0 0 |1 0 |3 erb |4 0 |6 190_000000000000000_ECH_1997 |7 0 |8 R |9 408992 |a BIBGIM |b BIBGIM |i 5037662 |o 190 ECH 1997 |p 5037662 |r 2025-01-15 |w 2019-11-22 |y BK_R |z Catalogado en:20131220 |k SSL | ||
| 952 | |0 0 |1 0 |3 erb |4 0 |6 190_000000000000000_ECH_1997 |7 0 |8 R |9 408993 |a BIBGIM |b BIBGIM |i 5037654 |o 190 ECH 1997 |p 5037654 |r 2025-01-15 |w 2019-11-22 |y BK_R |z Catalogado en:20131220 |k SSL | ||
| 952 | |0 0 |1 0 |3 erb |4 0 |6 190_000000000000000_ECH_1997 |7 0 |8 R |9 408994 |a BIBGIM |b BIBGIM |i 5037646 |o 190 ECH 1997 |p 5037646 |r 2025-01-15 |w 2019-11-22 |y BK_R |z Catalogado en:20131220 |k SSL | ||
| 952 | |0 0 |1 0 |3 erb |4 0 |6 190_000000000000000_ECH_1997 |7 0 |8 A |9 408995 |a BIBCUR |b BIBCUR |i 5062950 |o 190 ECH 1997 |p 5062950 |r 2025-04-22 |w 2019-11-22 |y BK |z Catalogado en:20140324 |k PER | ||
| 952 | |0 0 |1 0 |3 erb |4 0 |6 190_000000000000000_ECH_1997 |7 0 |8 A |9 408996 |a BIBCUR |b BIBCUR |i 5062969 |o 190 ECH 1997 |p 5062969 |r 2025-04-22 |w 2019-11-22 |y BK |z Catalogado en:20140324 |k PER | ||
| 952 | |0 0 |1 0 |2 ddc |4 0 |6 190_000000000000000_ECH_1997 |7 0 |9 600245 |a BIBINC |b BIBINC |c GEN |d 2025-01-31 |e Instituto Arcos |i 5665178 |o 190 ECH 1997 |p 5665178 |r 2025-01-31 |t 14 |w 2025-01-31 |y BK |k IFP | ||
| 952 | |0 0 |1 0 |2 ddc |4 0 |6 190_000000000000000_ECH_1997 |7 0 |9 600246 |a BIBINC |b BIBINC |c GEN |d 2025-01-31 |e Instituto Arcos |i 5665179 |o 190 ECH 1997 |p 5665179 |r 2025-01-31 |t 15 |w 2025-01-31 |y BK |k IFP | ||
| 952 | |0 0 |1 0 |2 ddc |4 0 |6 190_000000000000000_ECH_1997 |7 0 |9 600247 |a BIBINC |b BIBINC |c GEN |d 2025-01-31 |e Instituto Arcos |i 5665180 |o 190 ECH 1997 |p 5665180 |r 2025-01-31 |t 16 |w 2025-01-31 |y BK |k IFP | ||